000 00543nam a2200217Ia 4500
003 OSt
005 20251209165854.0
008 210210b1992 xxu||||| |||| 00| 0 eng d
020 _a8170861586
040 _cAL
041 _aeng
082 _a922 THOL
100 _aThomas M A
_9248553
245 _aLeap into the unknown autobiographical anecdotes
260 _aBangalore
_bAsian Trading Corporation
_c1992
300 _a242p
650 _aThomas M A
_9248554
690 _aAutobiography
_9248555
906 _a046644
942 _2ddc
_cBK
999 _c95385
_d95385